Training methods that work : a handbook for trainers

Bibliographic Details
Main Author: Hart, Lois B
Format: Book
Published: California : Crisp Pub. , 1991
Subjects:

MARC

LEADER 00000cam a2200000 7i4500
001 0000009728
002 000010593
005 20000330.0
020 |a 1560520825 
090 0 0 |a 658.3124   |b HAR 
100 1 |a Hart, Lois B 
245 1 0 |a Training methods that work :   |b a handbook for trainers   |c lois B.Hart 
260 |a California :   |b Crisp Pub. ,   |c 1991 
300 |a 85 p. :   |b ill. ;   |c 25 cm. 
650 0 0 |a Employees   |x Training of 
999 |a 027588   |b BUKU   |c PINJAMAN   |e PERPUSTAKAAN KOMUNITI PETALING JAYA